El poder del cuarto poder: la influencia del marketing político en las democracias modernas /

Gespeichert in:
Bibliographische Detailangaben
1. Verfasser: Sanmartín, Antonio
Format: Text
Schlagworte:
Tags: Tag hinzufügen
Keine Tags, Fügen Sie den ersten Tag hinzu!

MARC

LEADER 00000 a a2200000 04500
001 5248
003
040
100 |a Sanmartín, Antonio  
245 |a El poder del cuarto poder:   |b la influencia del marketing político en las democracias modernas /  |c Antonio Sanmartín  
650 |a DEMOCRACIA  
650 |a POLITICA  
650 |a MEDIOS DE COMUNICACION  
650 |a MERCADEO  
773 |g volumen 62, número 706; páginas 738-744  
999 |c 21392  |d 21392